Central Library OPAC University of Rajshahi

Qu'ranic ethics / (Record no. 57006)

MARC details
000 -LEADER
fixed length control field 00564nam a2200205 a 4500
001 - CONTROL NUMBER
control field 57006
003 - CONTROL NUMBER IDENTIFIER
rucl marc code BD-RjUL
005 - DATE AND TIME OF LATEST TRANSACTION
control field 20211209080446.0
008 - FIXED-LENGTH DATA ELEMENTS--GENERAL INFORMATION
fixed length control field 161205r1960 ii ||||| |||| 00| 0 eng d
035 ## - SYSTEM CONTROL NUMBER
System control number (BD-RjUL)57130
040 ## - CATALOGING SOURCE
Original cataloging agency BD-RjUL
Language of cataloging eng
Transcribing agency BD-RjUL
Modifying agency BD-RjUL
041 ## - LANGUAGE CODE
Language code of text/sound track or separate title eng
082 ## - DEWEY DECIMAL CLASSIFICATION NUMBER
Edition number 23
Classification number 297.5
Author mark and year DAQ 1960
100 ## - MAIN ENTRY--PERSONAL NAME
Personal name Dar, Bashir Ahmad.
9 (RLIN) 169405
245 ## - TITLE STATEMENT
Title Qu'ranic ethics /
Statement of responsibility, etc. Bashir Ahmad Dar.
260 ## - PUBLICATION, DISTRIBUTION, ETC. (IMPRINT)
Place of publication, distribution, etc. Lahore :
Name of publisher, distributor, etc. Institute of islamic culture,
Date of publication, distribution, etc. 1960
300 ## - PHYSICAL DESCRIPTION
Pagination 75 p. ;
Size 20 cm.
650 ## - SUBJECT ADDED ENTRY--TOPICAL TERM
Topical term or geographic name as entry element Islamic Ethics.
9 (RLIN) 140077
942 ## - ADDED ENTRY ELEMENTS (KOHA)
Source of classification or shelving scheme Dewey Decimal Classification
Koha item type Books
Holdings
Lost status Source of classification or shelving scheme Damaged status Not for loan Collection code Permanent Location Current Location Shelving location Date acquired Source of acquisition Cost, normal purchase price Total Checkouts Full call number Date last seen Copy number Koha item type
  Dewey Decimal Classification   Not For Loan Non-fiction Central Library, University of Rajshahi Central Library, University of Rajshahi Reading Room 02/08/1963 Tak. Pub.Congress 2.50   297.5 DAQ 1960 05/12/2016 C-1 Books